000 00555nam a2200181Ia 4500
003 GCL
008 140319s9999 xx 000 0 ara d
040 _aGCL /
_cGCL
082 0 4 _a415.1
_bخ هـ
100 1 _aخالدية محمود البياع
245 1 0 _aالهمزة فى اللغة العربية /
_cخالدية محمود البياع
300 _a306 ص
490 _a
650 0 4 _aاللغة العربية
650 0 4 _aقواعد الاملاء والهجاء
650 0 4 _aاللغة العربية - النحو
942 _2ddc
_cBK
999 _c39226
_d39226